History of fisheries research & development in West Pakistan, 1870-1963. (Record no. 64515)

MARC details
000 -LEADER
fixed length control field 00766cam a22002651 4500
001 - CONTROL NUMBER
control field sa 65006069
003 - CONTROL NUMBER IDENTIFIER
control field DLC
005 - DATE AND TIME OF LATEST TRANSACTION
control field 20260227112140.0
008 - FIXED-LENGTH DATA ELEMENTS--GENERAL INFORMATION
fixed length control field 810518s1964 pk ab b 000 0 eng
010 ## - LIBRARY OF CONGRESS CONTROL NUMBER
LC control number sa 65006069
025 ## - OVERSEAS ACQUISITION NUMBER
Overseas acquisition number PL480:P-E-670
035 ## - SYSTEM CONTROL NUMBER
System control number (OCoLC)7428287
040 ## - CATALOGING SOURCE
Original cataloging agency DLC
Transcribing agency MnSU
Modifying agency DLC
042 ## - AUTHENTICATION CODE
Authentication code premarc
043 ## - GEOGRAPHIC AREA CODE
Geographic area code a-pk---
050 00 - LIBRARY OF CONGRESS CALL NUMBER
Classification number SH117.P3
Item number H8 1964
100 1# - MAIN ENTRY--PERSONAL NAME
Personal name Husain, K. A.
245 10 - TITLE STATEMENT
Title History of fisheries research & development in West Pakistan, 1870-1963.
250 ## - EDITION STATEMENT
Edition statement 2d print, rev. and enl.
260 ## - PUBLICATION, DISTRIBUTION, ETC.
Place of publication, distribution, etc. [Lahore?]
Date of publication, distribution, etc. 1964.
300 ## - PHYSICAL DESCRIPTION
Extent x, 158 l.
Other physical details illus., maps (part col.)
Dimensions 30 cm.
504 ## - BIBLIOGRAPHY, ETC. NOTE
Bibliography, etc. note Bibliography: leaves 145-158.
650 #0 - SUBJECT ADDED ENTRY--TOPICAL TERM
Topical term or geographic name entry element Fish culture
Geographic subdivision Pakistan.
650 #0 - SUBJECT ADDED ENTRY--TOPICAL TERM
Topical term or geographic name entry element Fisheries
General subdivision Research
Geographic subdivision Pakistan.

No items available.

Powered by Koha